Statistiche per Matematica veloce: triplica quel numero!

Clicka qui per fare il quiz!

Statistiche generali

  • Questo quiz è stato fatto 31 volte
  • Il punteggio medio è 12 su 20

Statistiche sulle risposte

numerotriplo% Corretto
50150
100%
51153
100%
52156
100%
618
100%
60180
100%
71213
100%
824
100%
927
100%
90270
100%
1030
100%
100300
100%
1133
100%
1236
100%
2472
100%
3399
100%
1648
89%
3193
89%
53159
86%
99297
86%
1751
86%
3296
86%
97291
83%
1854
83%
2369
83%
43129
80%
45135
80%
515
80%
70210
80%
1339
80%
2575
80%
34102
75%
42126
75%
80240
75%
1957
75%
2266
75%
40120
70%
1545
70%
3090
70%
35105
67%
38114
67%
55165
67%
62186
67%
72216
67%
83249
67%
85255
67%
91273
67%
2060
67%
67201
60%
1442
60%
2781
60%
59177
57%
61183
57%
44132
56%
2678
55%
36108
50%
54162
50%
63189
50%
66198
50%
721
50%
77231
50%
2884
50%
2987
50%
95285
45%
56168
44%
69207
43%
47141
40%
48144
40%
65195
40%
73219
40%
76228
40%
82246
40%
98294
40%
96288
38%
39117
33%
41123
33%
57171
33%
58174
33%
2163
33%
86258
30%
49147
29%
74222
29%
78234
25%
87261
25%
88264
25%
37111
20%
46138
20%
84252
20%
89267
20%
64192
0%
68204
0%
75225
0%
79237
0%
81243
0%
92276
0%
93279
0%
94282
0%

Distribuzione punteggi

Percentile per numero di risposta

Percentuale di utenti per punteggio

I tuoi punteggi nel tempo

Non hai fatto questo quiz